000 00745cam a2200253 i 4500
001 35060
003 BD-RjUL
005 20211209052243.0
008 140520s1977 fr af i000 0 eng
020 _a9231015117
035 _a(BD-RjUL)35154
040 _aDLC
_cDLC
_dBD-RjUL
_beng
041 _aeng
082 0 0 _a354.8810085
_bSEC 1977
100 1 _aSeymour, A. J.
_q(Arthur J.)
_9106752
245 1 0 _aCultural policy in Guyana /
_cA. J. Seymour.
260 _aParis :
_bUnesco,
_c1977.
300 _a68 p., [2] leaves of plates :
_bill. ;
_c24 cm.
650 0 _aArts
_zGuyana
_xManagement.
_9106754
942 _2ddc
_cBK
999 _c35060
_d35060